| 000 | 01392nam a2200217 a 4500 | ||
|---|---|---|---|
| 008 | 090302s1994 ||||||||||||||||| || u | ||
| 050 | _aGOV.ZAM(02)1994/4A | ||
| 110 | _aGovernment of the Republic of Zambia. Ministry of Commerce, Trade and Industry | ||
| 245 | 1 | 0 |
_aDraft industrial, trade and commercial policy _cBy Ministry of Commerce, Trade and Industry |
| 260 |
_aLusaka: _bZambia Printing Company _c1994 |
||
| 300 | _avi, 70p. | ||
| 350 | _a0.00 | ||
| 650 | _aTRADE POLICY--ZAMBIA | ||
| 650 | _aINDUSTRIAL POLICY--ZAMBIA | ||
| 650 | _aZAMBIA--COMMERCIAL POLICY | ||
| 995 |
_aSPECIAL COLLECTIONS _D0.00 _e03003772 _FCBU-MAIN LIBRARY (Kitwe) _H1 _I0.00 _jGOV.ZAM(02)1994/4D _M4 _UAVAILABLE _WMar 3, 2009 _y03003772 _ZZambiana Collection |
||
| 995 |
_aSPECIAL COLLECTIONS _D0.00 _e03003751 _FCBU-MAIN LIBRARY (Kitwe) _H1 _I0.00 _jGOV.ZAM(02)1994/4C _M3 _UAVAILABLE _WMar 2, 2009 _y03003751 _ZZambiana Collection |
||
| 995 |
_aSPECIAL COLLECTIONS _D0.00 _e03003787 _FCBU-MAIN LIBRARY (Kitwe) _H1 _I0.00 _jGOV.ZAM(02)1994/4E _M5 _UAVAILABLE _WMar 4, 2009 _y03003787 _ZZambiana Collection |
||
| 995 |
_aSPECIAL COLLECTIONS _D0.00 _e03003749 _FCBU-MAIN LIBRARY (Kitwe) _H1 _I0.00 _jGOV.ZAM(02)1994/4A _M1 _UAVAILABLE _WMar 2, 2009 _y03003749 _ZZambiana Collection |
||
| 995 |
_aSPECIAL COLLECTIONS _D0.00 _e03003750 _FCBU-MAIN LIBRARY (Kitwe) _H1 _I0.00 _jGOV.ZAM(02)1994/4B _M2 _UAVAILABLE _WMar 2, 2009 _y03003750 _ZZambiana Collection |
||
| 999 |
_c75652 _d75652 |
||